| 000 | 00622nam a2200193Ia 4500 | ||
|---|---|---|---|
| 003 | OSt | ||
| 005 | 20220831140110.0 | ||
| 008 | 220831b |||||||| |||| 00| 0 eng d | ||
| 040 | _cIFM Library | ||
| 082 | _a368.38200973 | ||
| 100 |
_aMills, Miriam K. {ed.} _98712 |
||
| 245 | _aHealth Insurance and Public Policy: Risk, Allocation and Equity | ||
| 260 |
_aLondon: _bGreenwood Press, _c1992 |
||
| 300 |
_axxi, 225p.: _bill.; 24cm. |
||
| 500 | _aIncludes Bibliographical References and Index | ||
| 650 |
_aInsurance Health - Government Policy - US _92619 |
||
| 700 |
_aBlank, Robert H. {ed.} _98713 |
||
| 942 |
_cBK _2ddc _n0 |
||
| 999 |
_c3625 _d3625 |
||